| 000 | 00507nam a22001697a 4500 | ||
|---|---|---|---|
| 999 |
_c525216 _d525216 |
||
| 003 | NUST | ||
| 038 | _awaseem | ||
| 082 |
_a954.91 _bCHU |
||
| 100 |
_aChudary, Muhammad Azam _915964 |
||
| 245 |
_aPunjab Aur Azadi Ki Tarikaan / _cMuhammad Azam Chudary |
||
| 260 |
_aKarachi : _bAcademic Press, _c1998. |
||
| 300 | _aill, 272 p. ; | ||
| 500 | _aHardcover. | ||
| 880 |
_6100-01\r _aمحمد اعظم چوہدری |
||
| 880 |
_6245-02\r _aپنجاب اور آزادی کی تحریکیں / |
||
| 942 |
_2ddc _cBK |
||